| 000 | 00622nam a2200205 a 4500 | ||
|---|---|---|---|
| 001 | 000041234 | ||
| 005 | 20201002034724.0 | ||
| 008 | 130926s1984 sp 000 0 spa d | ||
| 020 | _a840003256X | ||
| 040 |
_aDO-SdBNP _bspa _cBNPHU |
||
| 100 | 1 |
_aMartínez Caviro, Balbina _967821 |
|
| 245 | 1 | 0 |
_aCeramica de Talavera / _cBalbina Martínez Caviro. |
| 250 | _a2a. ed. | ||
| 260 |
_aMadrid : _bCSIC, _c1984. |
||
| 300 |
_a55 p. : _bil. ; _c23 cm. |
||
| 490 | 1 | _aArtes y Artistas | |
| 504 | _aBibliografía : p. 41 | ||
| 710 | 2 |
_aConsejo Superior de Investigaciones Científicas _94786 |
|
| 830 | 0 |
_aArtes y Artistas _967822 |
|
| 999 |
_c40724 _d40724 |
||